LEADER 02318oam 2200601 450 001 9910708654703321 005 20170407131400.0 035 $a(CKB)5470000002470679 035 $a(OCoLC)889716029 035 $a(EXLCZ)995470000002470679 100 $a20140901d1992 ua 0 101 0 $aeng 135 $aur||||||||||| 181 $ctxt$2rdacontent 182 $cc$2rdamedia 183 $acr$2rdacarrier 200 10$aStructural context of mid-Tertiary mineralization in the Mammoth and San Manuel districts, southeastern Arizona /$fby Eric R. Force and Leslie J. Cox 210 1$aWashington :$cUnited States Government Printing Office,$d1992. 215 $a1 online resource (iv, 28 pages) $cillustrations, maps 225 1 $aU.S. Geological Survey bulletin ;$v2042-C 225 1 $aMineral resource studies along the Sierrita-Mogollon Transect, Arizona-New Mexico 300 $aTitle from title screen (viewed August 25, 2014). 300 $a"Three generations of extensional faulting and associated tilting affected mid-Tertiary mineralization of the Mammoth vein set and the newly described Shultz Spring altered area." 320 $aIncludes bibliographical references (pages 27-28). 517 3 $aMid-Tertiary mineralization in the Mammoth and San Manuel districts, Arizona 606 $aGeology, Stratigraphic$yTertiary 606 $aGeology, Structural$zArizona 606 $aMetallogeny$zArizona 606 $aGeology, Stratigraphic$2fast 606 $aGeology, Structural$2fast 606 $aMetallogeny$2fast 606 $aTertiary Geologic Period$2fast 607 $aArizona$2fast 615 0$aGeology, Stratigraphic 615 0$aGeology, Structural 615 0$aMetallogeny 615 7$aGeology, Stratigraphic. 615 7$aGeology, Structural. 615 7$aMetallogeny. 615 7$aTertiary Geologic Period. 700 $aForce$b Eric R.$01212693 702 $aCox$b Leslie J. 712 02$aGeological Survey (U.S.), 801 0$bCOP 801 1$bCOP 801 2$bOCLCO 801 2$bOCLCF 801 2$bTRAAL 801 2$bGPO 906 $aBOOK 912 $a9910708654703321 996 $aStructural context of mid-Tertiary mineralization in the Mammoth and San Manuel districts, southeastern Arizona$93526163 997 $aUNINA LEADER 02255nam 2200589 a 450 001 9910778767403321 005 20230417175433.0 010 $a1-280-19346-8 010 $a9786610193462 010 $a0-309-58689-5 010 $a0-585-02870-2 035 $a(CKB)110986584751446 035 $a(OCoLC)62391202 035 $a(CaPaEBR)ebrary10055205 035 $a(SSID)ssj0000205960 035 $a(PQKBManifestationID)11203763 035 $a(PQKBTitleCode)TC0000205960 035 $a(PQKBWorkID)10211269 035 $a(PQKB)10574083 035 $a(MiAaPQ)EBC3376209 035 $a(Au-PeEL)EBL3376209 035 $a(CaPaEBR)ebr10055205 035 $a(CaONFJC)MIL19346 035 $a(OCoLC)923261961 035 $a(EXLCZ)99110986584751446 100 $a19940517d1994 ua 0 101 0 $aeng 135 $aurcn||||||||| 181 $ctxt$2rdacontent 182 $cc$2rdamedia 183 $acr$2rdacarrier 200 10$aMount Rainier $eactive Cascade volcano : research strategies for mitigating risk from a high, snow-clad volcano in a populous region /$fU.S. Geodynamics Committee, Board on Earth Sciences and Resources, Commission on Geosciences, Environment, and Resources, National Research Council 210 1$aWashington, DC :$cNational Academy Press,$d1994. 215 $a1 online resource (128 pages) 300 $aSupport was provided by the U.S. Department of Energy, National Aeronautics and Space Administration, National Science Foundation, and U.S. Geological Survey. 300 $aCommittee chair : Robin Brett. 311 0 $a0-309-05083-9 320 $aIncludes bibliographical references (p. 92-103). 606 $aVolcanic hazard analysis$zWashington (State)$zRainier, Mount, Region 607 $aRainier, Mount (Wash.) 615 0$aVolcanic hazard analysis 676 $a363.3/495 701 $aBrett$b Robin$01562535 712 02$aNational Research Council (U.S.).$bBoard on Earth Sciences and Resources. 712 02$aNational Research Council (U.S.).$bCommission on Geosciences, Environment, and Resources. 801 0$bMiAaPQ 801 1$bMiAaPQ 801 2$bMiAaPQ 906 $aBOOK 912 $a9910778767403321 996 $aMount Rainier$93830298 997 $aUNINA